00790 2200253 4500001002100000005001700021008004100038020001800079035002400097082001100121090001800132100002000150245010400170250001100274260003700285300002500322500006700347650003000414650003100444850001200475990001900487999001500506999001500521YOGYA-0209000001221720090227022214.0 ind  a979-561-233-6 0010-020900000012217 a297.65 a297.65bIzz H aIZZUDDIN, Ahmad aHamasbintifadlah yang di..cAhmad Izzuddin ; penerjemah, Fauzan Al Anshori ; penyunting Syaefullah aCet. 1 aJakartabGema Insani Pressc1993 a118 hlmbilusc18 cm aJudul asli : Harokatul nuqowamah alislamiyah Hamas fi jilishim aIslam organisasni Politik aIslam - Organisasi politik aYOPDYOG a106800-P/98b1 a96P0080110 a97P0097241